Around the school : English : fourth English course 2
Salvato in:
| Autore principale: | |
|---|---|
| Altri autori: | |
| Natura: | Libro |
| Lingua: | inglese |
| Pubblicazione: |
Barcelona :
Onda,
1995
|
| Catalogo: | MANES: Risultati della ricerca del catalogo della biblioteca |
| Libro di testo Classificazione: |
|
| Serie: | Key of "Rosa Sensat"
|
| Tags: |
Aggiungi Tag
Nessun Tag, puoi essere il primo ad aggiungerne!!
|
| Aggiunto a: | 2003-08-26 |
| Cambiato in: | 2025-05-07 |
MARC
| LEADER | 00000nam a2200000 a 4500 | ||
|---|---|---|---|
| 001 | .b2995470 | ||
| 003 | ES-BaCBU | ||
| 005 | 20250507130125.0 | ||
| 008 | 030827s1995 spca b|1 000 ||eng|c | ||
| 561 | |5 es-CRAI |3 p1 TX EP 1/6 OND |a España. Biblioteca Universitat de Barcelona |k MANES | ||
| 999 | |c 89313 |d 89313 | ||
| 017 | |a DL B. 3295-1995 | ||
| 020 | |a 8475525768 | ||
| 035 | |a 8475525768 |a 0772-88960 | ||
| 040 | |a ES-BaUB |b cat |c ES-BaUB | ||
| 100 | 1 | |a Jaumà, Josep M. |9 31777 | |
| 245 | 1 | 0 | |a Around the school : |b English : fourth English course 2 / |c J. M. Jaumà, M. Farrell |
| 260 | |a Barcelona : |b Onda, |c 1995 | ||
| 300 | |a 136 p.: |b principalment il. col. | ||
| 546 | |a España | ||
| 690 | 0 | |a LE | |
| 691 | 0 | |a PRI | |
| 700 | 1 | |a Farrell, M. |9 32143 | |
| 830 | 0 | |a Key of "Rosa Sensat" |9 31780 | |
| 856 | |y Registro en Cercabib - CRAI | ||
| 942 | |2 ddc |c BK | ||
| 999 | |c manes:89313 |d 89313 | ||